Freedom and history ; the semantics of philosophical controversies and ideological conflicts.

Bibliographic Details
Main Author: McKeon, Richard (Richard Peter), 1900-1985
Format: Book
Language:English
Published: New York : Noonday Press, 1952.
Subjects:

MARC

Tag First Indicator Second Indicator Subfields
LEADER 00000cam a2200000 4500
001 in00000038088
005 20151007080824.0
008 730307s1952 eng u
010 |a  52009518  
035 |a (OCoLC)00573193 
035 |9 AAF5432AM 
040 |c OUN  |d TXA  |d UtOrBLW 
049 |a TXAM  |c [215168] 
050 0 |a B945.M287  |b F7 
082 0 |a 191.9 
092 |a 191  |b M159f 
100 1 |a McKeon, Richard  |q (Richard Peter),  |d 1900-1985. 
245 1 0 |a Freedom and history ;  |b the semantics of philosophical controversies and ideological conflicts. 
264 1 |a New York :  |b Noonday Press,  |c 1952. 
300 |a 95 pages ;  |c 22 cm. 
336 |a text  |b txt  |2 rdacontent 
337 |a unmediated  |b n  |2 rdamedia 
338 |a volume  |b nc  |2 rdacarrier 
650 0 |a Semantics (Philosophy) 
999 |a MARS 
999 f f |s 5fbb023e-b917-3be7-9114-a6278a61ce07  |i 6b97a9ae-4f6c-33b0-8373-bd0ec382bb66  |t 0 
952 f f |p ric  |a Texas A&M University  |b Rellis Campus  |c Joint Library Facility  |d Remote Storage  |t 0  |e B945.M287 F7  |h Library of Congress classification  |i unmediated -- volume  |m A14800541176 
998 f f |a B945.M287 F7  |t 0  |l Remote Storage